000 00615nam a2200169Ia 4500
008 090711s9999 xx 000 0 und d
082 _b50226
100 _aपाठक बाळउाgऎष्ण ल.
245 _aएकनाथी भारुड
260 _b"जगदिश्र्वर पिं्रटिंग प्रेस,"
_c1961
300 _a112
600 _aपाठक बाळउाgऎष्ण ल.
630 _aएकनाथी भारुड
700 _aपाठक बाळउाgऎष्ण ल.
730 _aएकनाथी भारुड
942 _cBOOK
999 _c326169
_d326169